Vida de D. Joâo de Castro, quarto viso-rey da India / (Record no. 54626)

MARC details
000 -LEADER
campo de control de longitud fija 01017nam a2200241 i 4500
001 - NÚMERO DE CONTROL
campo de control 54626
003 - IDENTIFICADOR DE NÚMERO DE CONTROL
campo de control ES-MaACL
005 - FECHA Y HORA DE LA ÚLTIMA TRANSACCIÓN
campo de control 20250929063121.0
007 - CAMPO FIJO DE DESCRIPCIÓN FÍSICA--INFORMACIÓN GENERAL
campo de control de longitud fija t|
008 - DATOS DE LONGITUD FIJA--INFORMACIÓN GENERAL
campo de control de longitud fija 960722s1835 po |||| |bpor d
040 ## - FUENTE DE CATALOGACIÓN
Centro catalogador/agencia de origen CAM
Lengua de catalogación spa
Centro/agencia transcriptor CAM
100 1# - ENTRADA PRINCIPAL--NOMBRE DE PERSONA
Nombre de persona Andrade, Jacinto Freire de,
Fechas asociadas al nombre 1597-1657
9 (RLIN) 52571
245 10 - MENCIÓN DEL TÍTULO
Título Vida de D. Joâo de Castro, quarto viso-rey da India /
Mención de responsabilidad, etc. escripta por Jacinto Freire de Andrade, impressa conforme a primeira ediçao de 1651; ajuntao-se algumas breves notas auctorizadas com documentos originales e ineditos por Francisco de S. Luiz.
260 ## - PUBLICACIÓN, DISTRIBUCIÓN, ETC.
Lugar de publicación, distribución, etc. Lisboa :
Nombre del editor, distribuidor, etc. Academia Real das Sciencias de Lisboa,
Fecha de publicación, distribución, etc. 1835.
300 ## - DESCRIPCIÓN FÍSICA
Extensión [8], 514 p., [1] h. de grab. ;
Dimensiones 21 cm.
600 14 - PUNTO DE ACCESO ADICIONAL DE MATERIA--NOMBRE DE PERSONA
Nombre de persona Castro, João de,
Fechas asociadas al nombre 1500-1548
9 (RLIN) 36863
651 #4 - PUNTO DE ACCESO ADICIONAL DE MATERIA--NOMBRE GEOGRÁFICO
Nombre geográfico Goa, Daman y Diu-
Subdivisión general Historia.
9 (RLIN) 165055
651 #4 - PUNTO DE ACCESO ADICIONAL DE MATERIA--NOMBRE GEOGRÁFICO
Nombre geográfico India-
Subdivisión general Historia-
Subdivisión cronológica 1526-1765.
9 (RLIN) 163997
700 1# - ENTRADA AGREGADA--NOMBRE PERSONAL
Nombre de persona Luiz, Francisco de S.
9 (RLIN) 163998
710 2# - ENTRADA AGREGADA--NOMBRE DE ENTIDAD CORPORATIVA
Nombre de entidad corporativa o nombre de jurisdicción como elemento de entrada Academia das Ciências de Lisboa.
9 (RLIN) 1159
852 ## - LOCALIZACIÓN
Ubicación ES-MaACL
Número de control de estantería G-8929
Holdings
Estatus retirado Estado de pérdida Estado de daño No para préstamo Colección Biblioteca de origen Biblioteca actual Ubicación en estantería Fecha de adquisición Fuente de adquisición Total de préstamos Signatura topográfica completa Código de barras Visto por última vez Precio de reemplazo Tipo de ítem Koha
        Libros del s. XIX Biblioteca del Ateneo de Madrid Biblioteca del Ateneo de Madrid Sala Pecera Planta 3 17/01/2008     G-8929 1057398 23/02/2023 23/02/2023 Libro impreso antiguo